Statistics for The Escapists Series All Prisons

Click here to take the quiz!

General Stats

  • This quiz has been taken 5 times
  • The average score is 16 of 34

Answer Stats

Answer% Correct
Center Perks
100%
Center Perks 2.0
100%
HMP Offshore
100%
H.M.S Orca
100%
Rattlesnake Springs
100%
Air Force Con
75%
Area 17
75%
Fort Tundra
75%
K.A.P.O.W. Camp
75%
Santa's Sweatshop
75%
U.S.S Anomaly
75%
Alcatraz
50%
HMP Irongate
50%
Jingle Cells
50%
Jungle Compound
50%
London Tower
50%
San Pancho
50%
Shankton State Penitentiary
50%
Stalag Flucht
50%
Alexandria
25%
Banned Camp
25%
Camp Epsilon
25%
Cougar Creek Railroad
25%
Duct Tapes are Forever
25%
Escape Team
25%
Greene Family Farm
25%
Paris Central Pen
25%
The Glorious Regime
25%
The Wicked Ward
25%
Woodbury
25%
Fhurst Peak Correctional Facility
0%
Fort Bamford
0%
Harrison Memorial Hospital
0%
Meriwether County Correctional Facility
0%

Score Distribution

Percentile by Number Answered

Percent of People with Each Score

Your Score History

You have not taken this quiz